The phenomenon of Christian conversion with particular reference to its theology in the Indian context / (Record no. 4510)

MARC details
000 -LEADER
fixed length control field 00702 a2200193 4500
010 ## - LCCN (DPL NO)
LC control number ENG-86334
020 ## - INTERNATIONAL STANDARD BOOK NUMBER
International Standard Book Number 8172148771
Terms of availability 75.00
035 ## - SYSTEM CONTROL NUMBER
System control number EN-69867
037 ## - SOURCE OF ACQUISITION
Source of stock number/acquisition DBAD / PUB
082 14 - DEWEY DECIMAL CLASSIFICATION NUMBER
Classification number 280
100 1# - MAIN ENTRY--PERSONAL NAME
Personal name Chacko, James
245 1# - TITLE STATEMENT
Title The phenomenon of Christian conversion with particular reference to its theology in the Indian context /
Statement of responsibility, etc by James Chacko
260 ## - PUBLICATION, DISTRIBUTION, ETC. (IMPRINT)
Place of publication, distribution, etc Delhi
Name of publisher, distributor, etc Indian Society for Promoting Christian Knowledge
Date of publication, distribution, etc 2005
300 ## - PHYSICAL DESCRIPTION
Extent xii, 72 p.
Dimensions 18 cm. (pbk)
500 ## - GENERAL NOTE
General note Originally presented as author's dissertation (M. Phil.--Andhra University)
650 #0 - SUBJECT ADDED ENTRY--TOPICAL TERM
Topical term or geographic name as entry element Conversion
General subdivision Christianity
650 #0 - SUBJECT ADDED ENTRY--TOPICAL TERM
Topical term or geographic name as entry element Christianity
Geographic subdivision India
942 ## - ADDED ENTRY ELEMENTS (KOHA)
Institution code [OBSOLETE] dpl
Item type English Books
Source of classification or shelving scheme Dewey Decimal Classification
Classification part 280
Call number suffix CHA
Holdings
Withdrawn status Lost status Not for loan Collection code Home library Current library Source of acquisition Cost, normal purchase price Full call number Barcode Copy number Cost, replacement price Koha item type
    Not For Loan Non-fiction D.B.Act.Division D.B.Act.Division DBAD/PUB 75.00 280 CHA EN-69867 1 75.00 English Books

© Delhi Public Library
Hit Counter
free hit counter